Vývoj právnej úpravy auditu na Slovensku v etape integrácie Slovenskej republiky do Európskej únie

Guardado en:
Detalles Bibliográficos
Autor principal: Kareš, Ladislav
Formato: Capítulo de libro
Lenguaje:eslovaco
Etiquetas: Agregar Etiqueta
Sin Etiquetas, Sea el primero en etiquetar este registro!

MARC

LEADER 00000naa$a2200000$$$4500
001 0062213
005 20240502071711.9
041 0 |a slo 
044 |a SK 
245 1 0 |a Vývoj právnej úpravy auditu na Slovensku v etape integrácie Slovenskej republiky do Európskej únie  |c Ladislav Kareš 
100 1 |a Kareš, Ladislav